|
|
|
|
| LEADER |
01039nam a2200277 a 4500 |
| 001 |
2960487 |
| 008 |
090711s1992 enk b 001 0 eng d |
| 010 |
|
|
|a 91024537
|
| 020 |
|
|
|a 0582063582 (csd.)
|
| 020 |
|
|
|a 0582063574 (pbk.)
|
| 040 |
|
|
|a DLC
|c DLC
|d DLC
|
| 082 |
0 |
0 |
|a 809/.91
|2 20
|
| 245 |
0 |
0 |
|a Modernism/postmodernism /
|c edited and introduced by Peter Brooker.
|
| 260 |
|
|
|a London ;
|a New York :
|b Longman,
|c 1992.
|
| 300 |
|
|
|a xii, 268 p. ;
|c 23 cm.
|
| 490 |
1 |
|
|a Longman critical readers
|
| 504 |
|
|
|a Includes bibliographical references (p. 252-264) and index.
|
| 541 |
1 |
|
|e 00014512
|
| 650 |
|
0 |
|a Modernism (Literature)
|
| 650 |
|
0 |
|a Postmodernism (Literature)
|
| 650 |
|
0 |
|a Literature, Modern
|y 20th century
|x History and criticism.
|
| 700 |
1 |
|
|a Brooker, Peter.
|
| 852 |
4 |
|
|a Ayesha Abed Library
|j General Shelf.
|
| 942 |
0 |
0 |
|0 1
|
| 999 |
|
|
|c 2252
|d 2252
|
| 952 |
|
|
|0 0
|1 0
|2 ddc
|4 0
|6 809_910000000000000_MOD
|7 0
|9 2076
|a BRACUL
|b BRACUL
|c GEN
|d 2009-07-11
|l 11
|m 69
|o 809.91 MOD
|p 3010014512
|q 2026-07-28
|r 2025-09-23
|s 2025-09-23
|t 1
|w 2009-07-11
|y BK
|